Resolving Kirkuk (Record no. 352497)
[ view plain ]
| 000 -LEADER | |
|---|---|
| fixed length control field | 00721nam a2200133Ia 4500 |
| 008 - FIXED-LENGTH DATA ELEMENTS--GENERAL INFORMATION | |
| fixed length control field | 171212s9999 xx 000 0 und d |
| 020 ## - INTERNATIONAL STANDARD BOOK NUMBER | |
| International Standard Book Number | 9780833068422 |
| 100 ## - MAIN ENTRY--PERSONAL NAME | |
| Personal name | Hanauer, Larry;Miller, Laurel E. |
| 245 ## - TITLE STATEMENT | |
| Statement of responsibility, etc | Hanauer, Larry;Miller, Laurel E. |
| Title | Resolving Kirkuk |
| Remainder of title | Lessons Learned from Settlements of Earlier Ethno-Territorial Conflicts |
| 260 ## - PUBLICATION, DISTRIBUTION, ETC. (IMPRINT) | |
| Name of publisher, distributor, etc | RAND Corporation |
| Date of publication, distribution, etc | 2012 |
| 650 ## - SUBJECT ADDED ENTRY--TOPICAL TERM | |
| Topical term or geographic name as entry element | History |
| 650 ## - SUBJECT ADDED ENTRY--TOPICAL TERM | |
| Topical term or geographic name as entry element | Karkuk (Iraq) -- Ethnic relations -- Political aspects; Karkuk (Iraq) -- Politics and government -- 21st century; Ethnic conflict -- Iraq -- Karkuk -- History -- 21st century; Compromise formation -- Iraq -- Karkuk -- History -- 21st century; Iraq War, 20 |
| 856 ## - ELECTRONIC LOCATION AND ACCESS | |
| Uniform Resource Identifier | <a href="www.jstor.org/stable/10.7249/j.ctt3fh1w3">www.jstor.org/stable/10.7249/j.ctt3fh1w3</a> |
| Withdrawn status | Lost status | Damaged status | Home library | Current library | Date acquired | Total Checkouts | Full call number | Date last seen | Price effective from | Koha item type |
|---|---|---|---|---|---|---|---|---|---|---|
| College Library | College Library | 12/12/2017 | DS79.9.K37H36 2012 | 12/12/2017 | 12/12/2017 | Curriculum - Based eBooks |